Southville International School and Colleges
Your cart is empty.
  • Cart
  • Lists
    Public lists Eva Luna New books Lux_list list_1
    Your lists Log in to create your own lists
  • Log in to your account
  • Your cookies
  • Search history
Southville International School and Colleges
  • Advanced search
  • Recent comments
  • Most popular
  • Libraries

Log in to your account

Log in with GOOGLE


If you do not have an external account, but do have a local account, you can still log in:

  1. Home
  2. MARC view: Using information technology :
Normal view MARC view ISBD view

Using information technology : (Record no. 288292)

[ view plain ]
MARC details
000 -LEADER
fixed length control field 01105cam a2200301 a 4500
001 - CONTROL NUMBER
control field 12177297
003 - CONTROL NUMBER IDENTIFIER
control field PILC
005 - DATE AND TIME OF LATEST TRANSACTION
control field 20150708103549.0
008 - FIXED-LENGTH DATA ELEMENTS--GENERAL INFORMATION
fixed length control field 000918s2001 mauab b 001 0 eng
010 ## - LIBRARY OF CONGRESS CONTROL NUMBER
LC control number 00048681
020 ## - INTERNATIONAL STANDARD BOOK NUMBER
International Standard Book Number 0072398035 (pbk.)
040 ## - CATALOGING SOURCE
Original cataloging agency DLC
Transcribing agency DLC
Modifying agency DLC
050 00 - LIBRARY OF CONGRESS CALL NUMBER
Classification number QA 76.5
Item number .W721 2001
082 00 - DEWEY DECIMAL CLASSIFICATION NUMBER
Classification number 004
100 1# - MAIN ENTRY--PERSONAL NAME
Personal name Williams, Brian K.,
Dates associated with a name 1938-
245 10 - TITLE STATEMENT
Title Using information technology :
Remainder of title a practical introduction to computers & communications : complete version /
Statement of responsibility, etc Brian K. Williams, Stacey C. Sawyer.
250 ## - EDITION STATEMENT
Edition statement 4th ed.
260 ## - PUBLICATION, DISTRIBUTION, ETC. (IMPRINT)
Place of publication, distribution, etc Boston :
Name of publisher, distributor, etc McGraw-Hill,
Date of publication, distribution, etc 2001.
300 ## - PHYSICAL DESCRIPTION
Extent xxix, 482 p. :
Other physical details illustrations (some color) ;
Dimensions 28 cm.
500 ## - GENERAL NOTE
General note Includes bibliographical references and index.
650 #0 - SUBJECT ADDED ENTRY--TOPICAL TERM
Topical term or geographic name as entry element Computers.
650 #0 - SUBJECT ADDED ENTRY--TOPICAL TERM
Topical term or geographic name as entry element Telecommunication systems.
650 #0 - SUBJECT ADDED ENTRY--TOPICAL TERM
Topical term or geographic name as entry element Information technology.
700 1# - ADDED ENTRY--PERSONAL NAME
Personal name Sawyer, Stacey C.
906 ## - LOCAL DATA ELEMENT F, LDF (RLIN)
a 7
b cbc
c orignew
d 1
e ocip
f 20
g y-gencatlg
942 ## - ADDED ENTRY ELEMENTS (KOHA)
Source of classification or shelving scheme Library of Congress Classification
Koha item type Books
Holdings
Withdrawn status Lost status Source of classification or shelving scheme Damaged status Home library Current library Shelving location Date acquired Source of acquisition Sub Shelving location Total Checkouts Full call number Barcode Date last seen Price effective from Koha item type
    Library of Congress Classification   Southville International School Affiliated with Foreign Universities Library Southville International School Affiliated with Foreign Universities Library Southville Foreign University Section 07/08/2015 Library Fund     QA 76.5 .W721 2001 SFU2270 05/15/2018 07/08/2015 Books
    Library of Congress Classification   Southville International School Affiliated with Foreign Universities Library Southville International School Affiliated with Foreign Universities Library Southville Foreign University Section 07/08/2015 Library Fund     QA 76.5 .W721 2001 SFU2271 05/15/2018 07/08/2015 Books

Using information technology :

APA

Williams B. K., Sawyer S. C., . (2001). Using information technology. Boston: McGraw-Hill.

Chicago

Williams Brian K, Sawyer Stacey C, . 2001. Using information technology. Boston: McGraw-Hill.

Harvard

Williams B. K., Sawyer S. C., . (2001). Using information technology. Boston: McGraw-Hill.

MLA

Williams Brian K, Sawyer Stacey C, . Using information technology. Boston: McGraw-Hill. 2001.

  • Place hold
  • Print
  • Cite
  • Add to your cart (remove)
  • Save record
    BIBTEX Dublin Core MARCXML MARC (non-Unicode/MARC-8) MARC (Unicode/UTF-8) MARC (Unicode/UTF-8, Standard) MODS (XML) RIS
  • More searches
    Search for this title in:
    Other Libraries (WorldCat) Other Databases (Google Scholar) Online Stores (Bookfinder.com) Open Library (openlibrary.org)

Exporting to Dublin Core...

SOUTHVILLE LIBRARY

Southville International School and Colleges Library

1281 Tropical Ave. Cor. Luxembourg St., BF Homes International, Las Pinas City

Tel. No. 8256374 / 252358 Loc. 117/146

Powered by Koha